Score 0/40 Timer 06:00
0 Plays Today
% Correct
Rosemary Woodhouse
81.8%
Baltus Van Tassel
72.7%
Brom Van Brunt
72.7%
Carol Anne Freeling
72.7%
Guy Woodhouse
63.6%
Nancy Thompson
63.6%
Ichabod Crane
63.6%
Detective David Tapp
54.5%
Detective Steven Sing
54.5%
Katrina Van Tassel
54.5%
Steve Freeling
54.5%
Robbie Freeling
54.5%
Dr. Lawrence Gordon
45.5%
Marge Thompson
45.5%
Renai Lambert
45.5%
Elise Rainer
45.5%
Alex Browning
45.5%
Roman Castevet
36.4%
Adam Faulkner-Stanheight
36.4%
Josh Lambert
36.4%
% Correct
Dalton Lambert
36.4%
Miranda North
36.4%
Clear Rivers
36.4%
Minnie Castevet
27.3%
Rod Lane
27.3%
Sho Murakami
27.3%
Rory Adams
27.3%
Rhonda LeBeck
27.3%
Burt Gummer
27.3%
Tina Grey
18.2%
David Jordan
18.2%
Valentine McKee
18.2%
Earl Bass
18.2%
Delilah Profitt
18.2%
Marybeth Louise Hutchinson
18.2%
Zeke Tyler
18.2%
Carter Horton
18.2%
Dr. Lesh
18.2%
Stokely 'Stokes' Mitchell
9.1%
Valerie Lewton
9.1%
Remove Ads.
Support Sporcle.
Get the best of Sporcle when you Go Orange. This ad-free experience offers more features, more stats, and more fun while also helping to support Sporcle. Thank you for becoming a member.

You're not logged in!

Compare scores with friends on all Sporcle quizzes.
OR
Log In

Sporcle TV

Today on Sporcle TV


Watch our educational content, quiz creation guides, and fun videos on Sporcle TV.

Show Comments

Extras

Top Quizzes Today


Score Distribution

Paid Content

Your Account Isn't Verified!

In order to create a playlist on Sporcle, you need to verify the email address you used during registration. Go to your Sporcle Settings to finish the process.

Report this User

Report this user for behavior that violates our Community Guidelines.

Details: